000 00776nam a2200241Ia 4500
003 OSt
005 20220925233712.0
006 a|||||r|||| 00| 0
007 ta
008 220923b |||||||| |||| 00| 0 eng d
020 _a9788126150007
_c845.75
037 _b900, 18/03/2014, Pranami Book Service
_cGeneral Book
040 _aRTL
_cRTL
_beng
041 _2eng
_aeng
082 _aX65:8, Q1
100 _aSHRIVASTAVA O.S.
_9298946
245 0 _aInvestment management
_b Theories and management issues and Indian vista
260 _a New Delhi
_bAnmol Publication
_c2011
300 _axiv, 471p
_ccm.
650 _aCommerce
942 _hX65:8, Q1
_cGB
_2CC
999 _c594359
_d594359